000 00732nam a2200205Ii 4500
003 JO-AjNU
008 230605s9999||||xx |||||||||||||| ||und||
040 _aJO-AjNU
_bara
_erda
_cJO-AjNU
041 _aara
050 1 4 _aB4238.B43 I2312 1986
100 3 _aبرديائف،نيقولاي ، كامل،فؤاد/ترجمة ، ادهم،علي/مراجعة,
_eauthor
_919594
245 0 0 _aالعزلة والمجتمع
250 _aط2
264 3 1 _aبغداد:دار الشؤون الثقافية العامة ، 1986
300 _a181ص
336 _atext
_btxt
_2rdacontent
337 _aunmediated
_bn
_2rdamedia
338 _avolume
_bnc
_2rdacarrier
650 4 _aعزلة-شخصية-علم الاجتماع-معرفة
_919595
999 _aA6493
_c10061
_d10061